书目信息 |
| 题名: |
中国电影艺术史
|
|
| 作者: | 周星 著 | |
| 分册: | ||
| 出版信息: | 北京 北京大学出版社 2005 |
|
| 页数: | 465页 | |
| 开本: | 25cm | |
| 丛书名: | 北京大学影视艺术丛书 | |
| 单 册: | ||
| 中图分类: | J909.2 | |
| 科图分类: | ||
| 主题词: | 电影史--中国 , 电影史 | |
| 电子资源: | ||
| ISBN: | 7-301-06863-8 | |
| 000 | 00852oam2 2200265 450 | |
| 001 | 002832597 | |
| 005 | 20061101111729.79 | |
| 010 | @a7-301-06863-8@dCNY48.00 | |
| 100 | @a20050405d2005 em y0chiy0110 ea | |
| 101 | 0 | @achi |
| 102 | @aCN@b110000 | |
| 105 | @aa z 000yy | |
| 200 | 1 | @a中国电影艺术史@9zhong guo dian ying yi shu shi@f周星著 |
| 210 | @a北京@c北京大学出版社@d2005 | |
| 215 | @a465页@c剧照@d25cm | |
| 225 | 2 | @a北京大学影视艺术丛书 |
| 330 | @a本书是一部包含电影史论与当下创作现象的现状描述教科书,尤其是描写了大量的电影作品,分析细致深入,试图实现对百年电影的全面描述。 | |
| 461 | 0 | @12001 @a北京大学影视艺术丛书 |
| 510 | 1 | @aArt History of Chinese Film@zeng |
| 606 | 0 | @a电影史@y中国 |
| 606 | 0 | @a电影史 |
| 690 | @aJ909.2@v4 | |
| 701 | 0 | @a周星@9zhou xing@4著 |
| 801 | 0 | @aCN@bNLC@c20061101 |
| 905 | @a10447@dJ909.2@e152 | |
| 中国电影艺术史/周星著.-北京:北京大学出版社,2005 |
| 465页:剧照;25cm.-(北京大学影视艺术丛书) |
| ISBN 7-301-06863-8:CNY48.00 |
| 本书是一部包含电影史论与当下创作现象的现状描述教科书,尤其是描写了大量的电影作品,分析细致深入,试图实现对百年电影的全面描述。 |
| ● |
| 相关链接 |
|
|
|
|
正题名:中国电影艺术史
索取号:J909.2/152
 
预约/预借
| 序号 | 登录号 | 条形码 | 馆藏地/架位号 | 状态 | 备注 |
| 1 | 0387828 | 203878287 | 第一样本阅览室/ [索取号:J909.2/152] | 在馆 |